[Event "First Saturday 2010 marcius IM"]
[Site "Budapest"]
[Date "2010.03.10"]
[Round "5"]
[White "Kovacs, Lajos"]
[Black "Turzo, Attila"]
[Result "0-1"]
[WhiteElo "2192"]
[BlackElo "2290"]
[PlyCount "110"]
[EventDate "2010.03.06"]

1. d4 Nf6 2. c4 e6 3. Nc3 Bb4 4. Qc2 Nc6 5. e3 d6 6. Bd2 O-O 7. Bd3 e5 8. d5
Ne7 9. Nge2 c6 10. dxc6 bxc6 11. a3 Ba5 12. e4 d5 13. b4 Bc7 14. cxd5 cxd5 15.
exd5 h6 16. d6 Bxd6 17. Ng3 Bb7 18. Nge4 Nxe4 19. Bxe4 Nc6 20. Qa4 Qd7 21. O-O
Rfd8 22. Be3 Nd4 23. Qxd7 Rxd7 24. Bxb7 Rxb7 25. Ne4 Be7 26. Rad1 Nc2 27. Bc1
a5 28. Rd2 Nd4 29. bxa5 Rxa5 30. Bb2 Nb3 31. Re2 f6 32. g4 Bxa3 33. Bxa3 Rxa3
34. Re3 Raa7 35. f4 exf4 36. Rxf4 Ra1+ 37. Kg2 Ra2+ 38. Rf2 Rxf2+ 39. Nxf2 Nd4
40. h3 Nc6 41. Kg3 Ne5 42. Rc3 Rb1 43. Ra3 Kh7 44. Rc3 Kg6 45. Ra3 h5 46. Kh4
Rb4 47. Kg3 Kg5 48. gxh5 Kxh5 49. Re3 Rb1 50. Rc3 Ra1 51. Ng4 Nf7 52. Rd3 Ng5
53. Nf2 Ra4 54. Kg2 Ra2 55. Rd4 Nxh3 0-1

[Event "First Saturday 2010 marcius IM"]
[Site "Budapest"]
[Date "2010.03.10"]
[Round "5"]
[White "Lengyel, Bela"]
[Black "Kojima, Shinya"]
[Result "0-1"]
[WhiteElo "2267"]
[BlackElo "2312"]
[PlyCount "95"]
[EventDate "2010.03.06"]

1. e4 c5 2. Nf3 Nc6 3. d4 cxd4 4. Nxd4 Nf6 5. Nc3 e5 6. Ndb5 d6 7. Bg5 a6 8.
Na3 b5 9. Nd5 Be7 10. Bxf6 Bxf6 11. c3 Bg5 12. Nc2 Ne7 13. Ncb4 O-O 14. a4 bxa4
15. Rxa4 a5 16. Nxe7+ Qxe7 17. Nd5 Qb7 18. b3 Bd7 19. Ra2 f5 20. h4 Bd8 21. Bd3
Bc6 22. Bc4 Kh8 23. exf5 Rxf5 24. Ne3 Rf6 25. Bd5 Rb8 26. Bxc6 Qxc6 27. Nd5 Rf7
28. Rh3 Qc5 29. Rd2 h6 30. Qh5 Rf8 31. Qd1 Rb7 32. b4 Qa7 33. Rf3 Rxf3 34. Qxf3
Bxh4 35. Qf8+ Kh7 36. Qxd6 axb4 37. cxb4 Qa1+ 38. Rd1 Qb2 39. g3 Rf7 40. Rd2
Qb1+ 41. Rd1 Qe4+ 42. Ne3 Bxg3 43. Qd3 Qxd3 44. Rxd3 Bxf2+ 45. Ke2 Bxe3 46.
Rxe3 Rb7 47. Rb3 Kg6 48. Kd3 0-1

[Event "First Saturday 2010 marcius IM"]
[Site "Budapest"]
[Date "2010.03.11"]
[Round "6"]
[White "Tran Tuan, Minh"]
[Black "Kojima, Shinya"]
[Result "0-1"]
[WhiteElo "2203"]
[BlackElo "2312"]
[PlyCount "108"]
[EventDate "2010.03.06"]

1. d4 d5 2. Nf3 Nf6 3. c4 c6 4. Qc2 dxc4 5. Qxc4 Bg4 6. Nbd2 Nbd7 7. h3 Bh5 8.
g4 Bg6 9. Bg2 e6 10. O-O Nd5 11. Qb3 N7b6 12. Nc4 Nxc4 13. Qxc4 Bd6 14. Ne5 O-O
15. Nxg6 hxg6 16. f4 Rc8 17. Qb3 Qc7 18. e3 Rfd8 19. e4 Nxf4 20. e5 Ne2+ 21.
Kf2 Nxc1 22. exd6 Qxd6 23. Rfxc1 Qxd4+ 24. Kf1 Qf6+ 25. Qf3 Qxb2 26. Kg1 Rd2
27. Rf1 Rc7 28. Rad1 Rcd7 29. Rxd2 Qxd2 30. Rf2 Qd4 31. Kh2 c5 32. Qg3 a6 33.
Bf3 b5 34. Kg2 Qd6 35. Rc2 Qxg3+ 36. Kxg3 c4 37. a4 Rd6 38. Kf4 Kf8 39. Ke3
Rd3+ 40. Ke2 Rb3 41. Bb7 Rxh3 42. Bxa6 Rh2+ 43. Kd1 Rxc2 44. Kxc2 bxa4 45. Bxc4
Ke7 46. Kd3 f5 47. g5 Kd6 48. Kc3 e5 49. Bf7 e4 50. Kd4 a3 51. Ba2 Kc6 52. Bf7
Kb5 53. Ba2 Kb4 54. Bf7 e3 0-1

[Event "First Saturday 2010 marcius IM"]
[Site "Budapest"]
[Date "2010.03.11"]
[Round "6"]
[White "Farago, Sandor"]
[Black "Lengyel, Bela"]
[Result "1/2-1/2"]
[WhiteElo "2256"]
[BlackElo "2267"]
[PlyCount "35"]
[EventDate "2010.03.06"]

1. d4 Nf6 2. c4 e6 3. Nc3 d5 4. Bg5 Be7 5. cxd5 exd5 6. e3 c6 7. Qc2 Nbd7 8.
Bd3 O-O 9. Nf3 Re8 10. h3 Nf8 11. Bf4 Ng6 12. Bh2 Bd6 13. Bxd6 Qxd6 14. O-O-O
a5 15. g4 a4 16. Kb1 a3 17. b3 b5 18. Rc1 1/2-1/2

[Event "First Saturday 2010 marcius IM"]
[Site "Budapest"]
[Date "2010.03.11"]
[Round "6"]
[White "Nguyen Thi May, Hung"]
[Black "Kovacs, Lajos"]
[Result "1/2-1/2"]
[WhiteElo "2224"]
[BlackElo "2192"]
[PlyCount "101"]
[EventDate "2010.03.06"]

1. d4 d5 2. Bf4 Nf6 3. e3 c5 4. c3 e6 5. Nd2 Nc6 6. Bd3 Qb6 7. Qb3 c4 8. Qxb6
axb6 9. Be2 b5 10. Ngf3 b4 11. O-O b5 12. cxb4 Bxb4 13. a3 Be7 14. h3 O-O 15.
Rfd1 Bd7 16. Ne1 Ra7 17. Nc2 Rfa8 18. Rac1 Be8 19. f3 Nd7 20. Nb1 Nb6 21. Nc3
Na5 22. Re1 Na4 23. Nxa4 bxa4 24. e4 Bc6 25. exd5 exd5 26. Rb1 Nb3 27. Red1 Re8
28. Kf1 Rb7 29. g4 f6 30. Bg3 Bf8 31. Kf2 Kf7 32. Bf1 g6 33. Kg2 Rbe7 34. Na1
Nxa1 35. Rxa1 Rb7 36. Rd2 Re3 37. Rc2 Reb3 38. Ra2 Re7 39. Ra1 Ree3 40. Be2 c3
41. bxc3 Rbxc3 42. Rxc3 Rxc3 43. Be1 Rxa3 44. Rc1 Bd7 45. Rc7 Ke6 46. Ra7 Bd6
47. Ra6 Re3 48. Bb4 Rxe2+ 49. Kg1 Kf7 50. Rxd6 Be6 51. Ra6 1/2-1/2

[Event "First Saturday 2010 marcius IM"]
[Site "Budapest"]
[Date "2010.03.11"]
[Round "6"]
[White "Szalanczy, Emil"]
[Black "Arsenault, Nicholas"]
[Result "1/2-1/2"]
[WhiteElo "2280"]
[BlackElo "2153"]
[PlyCount "127"]
[EventDate "2010.03.06"]

1. e4 e6 2. d4 d5 3. Nc3 Nf6 4. e5 Nfd7 5. f4 c5 6. Nf3 Nc6 7. Be3 cxd4 8. Nxd4
Bc5 9. Qd2 O-O 10. O-O-O a6 11. h4 Bxd4 12. Bxd4 b5 13. Bg1 b4 14. Na4 a5 15.
h5 Ba6 16. h6 g6 17. Kb1 Qc8 18. Rh3 Bxf1 19. Rxf1 Na7 20. Bxa7 Rxa7 21. Rc1
Qc6 22. b3 Rc8 23. Qd4 Rac7 24. Rd3 Nc5 25. Nxc5 Qxc5 26. Qxc5 Rxc5 27. Kb2 f6
28. g4 fxe5 29. fxe5 Rf8 30. Rcd1 Rf4 31. Rd4 Rxd4 32. Rxd4 g5 33. Rd2 Kf7 34.
Rf2+ Ke7 35. a3 d4 36. axb4 axb4 37. Re2 Kd7 38. Re1 Kc6 39. Rf1 Rxe5 40. Rf7
Re2 41. Kc1 Rh2 42. Rxh7 Kd5 43. Rd7+ Ke4 44. h7 e5 45. Rb7 Ke3 46. Rxb4 Rh1+
47. Kb2 Rxh7 48. Rb5 Re7 49. b4 Kf4 50. Rd5 Kxg4 51. c3 dxc3+ 52. Kxc3 Kf4 53.
b5 g4 54. Kd2 Kf3 55. Ke1 e4 56. b6 Rh7 57. Kd2 e3+ 58. Kd3 Re7 59. Rf5+ Kg2
60. Ke2 g3 61. Rb5 Rb7 62. Kxe3 Re7+ 63. Kf4 Rf7+ 64. Kg4 1/2-1/2

[Event "First Saturday 2010 marcius IM"]
[Site "Budapest"]
[Date "2010.03.11"]
[Round "6"]
[White "Baba, Masahiro"]
[Black "Lyell, Mark"]
[Result "1-0"]
[WhiteElo "2213"]
[BlackElo "2179"]
[PlyCount "76"]
[EventDate "2010.03.06"]

1. e4 e5 2. Nf3 Nc6 3. Bb5 f5 4. d3 fxe4 5. dxe4 Nf6 6. O-O Bc5 7. Qd3 Qe7 8.
Nc3 a6 9. Ba4 Nd4 10. Bg5 c6 11. Nxd4 Bxd4 12. Ne2 Bc5 13. Ng3 d6 14. a3 Be6
15. b4 Bb6 16. Bb3 O-O-O 17. Bxe6+ Qxe6 18. c4 Kb8 19. a4 d5 20. exd5 cxd5 21.
c5 Ba7 22. Rfc1 Rc8 23. Rab1 Ka8 24. Bxf6 gxf6 25. Rd1 d4 26. Ne4 Rhg8 27. Qf3
Qd5 28. Qf5 a5 29. g3 Rgf8 30. Nd6 Rcd8 31. bxa5 Bxc5 32. Nxb7 Rc8 33. Rb5 Ka7
34. Qc2 e4 35. Nxc5 d3 36. Qc3 Rf7 37. Qb4 Rfc7 38. Nxe4 Qe5 1-0

[Event "First Saturday 2010 marcius IM"]
[Site "Budapest"]
[Date "2010.03.12"]
[Round "7"]
[White "Lyell, Mark"]
[Black "Tran Tuan, Minh"]
[Result "1-0"]
[WhiteElo "2179"]
[BlackElo "2203"]
[PlyCount "55"]
[EventDate "2010.03.06"]

1. e4 e6 2. d4 d5 3. Nc3 Bb4 4. e5 b6 5. Bd2 Qd7 6. Nf3 Ba6 7. Bxa6 Nxa6 8. Qe2
Nb8 9. O-O a6 10. Nd1 Bxd2 11. Qxd2 Nc6 12. Ne3 Nge7 13. c3 h6 14. Ne1 f5 15.
exf6 gxf6 16. Qe2 h5 17. f4 f5 18. Nf3 Qd6 19. Rae1 Kd7 20. c4 Rhe8 21. Rc1 Kd8
22. Ne5 Nxe5 23. dxe5 Qd7 24. cxd5 exd5 25. Qxh5 Kc8 26. e6 Qb5 27. Nxf5 Kb7
28. Qf7 1-0

[Event "First Saturday 2010 marcius IM"]
[Site "Budapest"]
[Date "2010.03.12"]
[Round "7"]
[White "Arsenault, Nicholas"]
[Black "Baba, Masahiro"]
[Result "0-1"]
[WhiteElo "2153"]
[BlackElo "2213"]
[PlyCount "144"]
[EventDate "2010.03.06"]

1. e4 c5 2. Nf3 d6 3. d4 cxd4 4. Nxd4 Nf6 5. Nc3 a6 6. Be2 e5 7. Nb3 Be7 8. O-O
O-O 9. Re1 Be6 10. Bf1 b5 11. a4 b4 12. Nd5 Nxd5 13. exd5 Bf5 14. a5 Qc7 15.
Qf3 Bxc2 16. Bd2 Qb7 17. Ra4 e4 18. Rxe4 Qxd5 19. Rxe7 Qxf3 20. gxf3 Bxb3 21.
Ra1 Nc6 22. Re3 Be6 23. f4 Nd4 24. Rd3 Nb3 25. Rd1 Nxd2 26. R1xd2 d5 27. Bg2
Rab8 28. Rd4 Rfc8 29. Bxd5 Rc5 30. Bxe6 fxe6 31. Rd8+ Rxd8 32. Rxd8+ Kf7 33.
Rb8 Rxa5 34. Rxb4 Rb5 35. Ra4 a5 36. Kg2 Kf6 37. Kg3 Kf5 38. f3 Kf6 39. Kg4
Rxb2 40. Rxa5 Rxh2 41. Ra6 Rg2+ 42. Kh3 Rg1 43. Kh2 Rg6 44. Ra5 Rh6+ 45. Kg3 g6
46. Kg4 Rh5 47. Ra7 Rh1 48. Kg3 h5 49. Kg2 Rd1 50. Kg3 Rd5 51. Rb7 Rd3 52. Ra7
Rd5 53. Rb7 e5 54. fxe5+ Rxe5 55. Rb6+ Kf5 56. Rb8 Ra5 57. Rf8+ Kg5 58. Rb8 Rf5
59. Rb4 h4+ 60. Kg2 Kh5 61. Ra4 g5 62. Ra6 Rb5 63. Ra2 Kg6 64. Re2 Kf5 65. Ra2
Rb4 66. Rc2 Kf4 67. Ra2 Rd4 68. Rb2 Ke3 69. Rb5 Rd2+ 70. Kh3 Kf4 71. Rb4+ Kxf3
72. Rb3+ Ke4 0-1

[Event "First Saturday 2010 marcius IM"]
[Site "Budapest"]
[Date "2010.03.12"]
[Round "7"]
[White "Lengyel, Bela"]
[Black "Turzo, Attila"]
[Result "1/2-1/2"]
[WhiteElo "2267"]
[BlackElo "2290"]
[PlyCount "63"]
[EventDate "2010.03.06"]

1. e4 c5 2. Nf3 Nc6 3. d4 cxd4 4. Nxd4 g6 5. c4 Nf6 6. Nc3 d6 7. Be2 Nxd4 8.
Qxd4 Bg7 9. Bg5 O-O 10. Qd2 Be6 11. O-O Qa5 12. Nd5 Qxd2 13. Nxe7+ Kh8 14. Bxd2
Nxe4 15. Be3 Bxb2 16. Rab1 Bf6 17. Rxb7 Nc3 18. Bd3 Nxa2 19. Nd5 Bxd5 20. cxd5
Nc3 21. Bxa7 Nxd5 22. g3 Kg7 23. h4 h5 24. Kg2 Nc3 25. Rc1 Rac8 26. Rc2 d5 27.
Rd2 Rfe8 28. Rdb2 Re7 29. Rxe7 Bxe7 30. Rb7 Bf6 31. Rd7 Rd8 32. Rxd8 1/2-1/2

[Event "First Saturday 2010 marcius IM"]
[Site "Budapest"]
[Date "2010.03.12"]
[Round "7"]
[White "Kojima, Shinya"]
[Black "Farago, Sandor"]
[Result "1-0"]
[WhiteElo "2312"]
[BlackElo "2256"]
[PlyCount "59"]
[EventDate "2010.03.06"]

1. e4 c5 2. c3 Nf6 3. e5 Nd5 4. d4 cxd4 5. Nf3 e6 6. cxd4 Nc6 7. Bc4 d6 8. O-O
dxe5 9. dxe5 Be7 10. Qe2 a6 11. Nc3 b5 12. Bd3 Ncb4 13. Nxd5 Nxd5 14. a4 b4 15.
Rd1 Bb7 16. Qe4 h5 17. h4 Qb6 18. a5 Qa7 19. Qe2 Bc5 20. Ng5 Ne7 21. Bf4 Bd5
22. Rac1 Nc6 23. Be4 Nd4 24. Qd3 Rd8 25. Rxc5 Qxc5 26. Qxd4 Qxa5 27. Nxe6 fxe6
28. Bg6+ Kd7 29. Qa7+ Kc6 30. Rc1+ 1-0